000 00929nam a22002777a 4500
003 CHAP
005 20220329135206.0
008 971013s1974 r 00010 d
010 _a32395
011 _a33367
035 _a37482
040 _cCHAP
082 _a581.5072
_bC7
100 0 0 _aCruz Pérez, Luis M.
_929541
245 _aManual de laboratorio de ecología vegetal
260 _aSan Salvador :
_bUniv. de El Salvador. Fac. de Ciencias Agronómicas. Depto. de Fitotecnia,
_c(1974)
300 _a144 p.
_b; gráfs. ; mapa
590 _aBATCH-UPD
_b10
_c20130110
_lUCH01
_h2146
590 _aBATCH-UPD
_b10
_c20130410
_lUCH01
_h1454
590 _aBATCH-UPD
_b10
_c20130914
_lUCH01
_h1106
590 _aCONVERSION
_b10
_c20130109
_lUCH01
_h1318
650 1 4 _aEcología vegetal
_xManuales de laboratorio.
_935192
901 _aBK
942 _cLIBRO
949 _a581.5072 C7
_bBC
_cLIBRO
_d33724000661781
_eLIBRO
_h33530
_i37482
_si
999 _c32395
_d32395